| 000 | 00503cam a22002054a 4500 | ||
|---|---|---|---|
| 005 | 20250605164319.0 | ||
| 008 | 250528s ||||||||||||||||||||||||d | ||
| 035 | _a22834 | ||
| 020 | _a9780538856300 | ||
| 040 |
_aGR-AtMCL _bgre _dGR-AtMCL _eAACR2 |
||
| 245 | 1 | _aMANAGEMENT ACCOUNTING | |
| 250 | _a4 | ||
| 260 |
_bSouth-Western Publishing Co, _c1997 |
||
| 300 | _a808 | ||
| 700 | 1 |
_aHansen Don R _91187 |
|
| 700 | 1 |
_aMowen Maryanne M _91188 |
|
| 942 | _cBK | ||
| 999 |
_c7879 _d7879 |
||